| 000 | 00550nam a22002057a 4500 | ||
|---|---|---|---|
| 999 |
_c6631 _d6631 |
||
| 003 | GBCCL | ||
| 005 | 20241126110607.0 | ||
| 008 | 180521b ||||| |||| 00| 0 eng d | ||
| 040 | _cgbc | ||
| 082 |
_a272 _bFOX |
||
| 245 |
_aFoxe's book of martyrs / _cEdited by Marie Gentert King |
||
| 250 | _a13th printing | ||
| 260 |
_aNew Jersey: _bFleming H. Revell Company, _c1977 |
||
| 300 |
_a396 p.; _c18 cm. |
||
| 490 | _aSpire books | ||
| 650 |
_aMartyrs _92187 |
||
| 650 |
_aPersecutions _911858 |
||
| 650 |
_aChurch History _9117 |
||
| 942 |
_2ddc _cBK _01 |
||